000 00476nam a22001817a 4500
003 OSt
005 20260131095554.0
008 260131b |||||||| |||| 00| 0 eng d
020 _a978938527731
040 _cCBS PUBLICATION
082 _23
_a616.61
_bVIS
100 _aVISWESWARAN R. K
245 _aESSENTIALS OF NEPHROLOGY.
260 _aB.M.S.G.B PUNE
_bCBS PUB
_c2019
300 _aXV;PB;503
500 _aBILL NO - 6407 DATE - 13/01/2026
942 _2ddc
_cTB
_e3
_n0
999 _c1215280
_d1215280